Fr. Conceicao Rodrigues College of Engineering

Management by Exception (Record no. 24796)

MARC details
000 -LEADER
fixed length control field 00258nam a2200121Ia 4500
100 ## - MAIN ENTRY--PERSONAL NAME
Personal name Bittel/ Lister.R
245 ## - TITLE STATEMENT
Title Management by Exception
260 ## - PUBLICATION, DISTRIBUTION, ETC.
Name of publisher, distributor, etc. Tata Mc Graw hill
Date of publication, distribution, etc. 2001
300 ## - PHYSICAL DESCRIPTION
Extent 320
546 ## - LANGUAGE NOTE
Language note ENGLISH
654 ## - SUBJECT ADDED ENTRY--FACETED TOPICAL TERMS
Focus term Exception
942 ## - ADDED ENTRY ELEMENTS (KOHA)
Koha item type BOOK
Holdings
Withdrawn status Lost status Damaged status Not for loan Collection Home library Current library Date acquired Cost, normal purchase price Inventory number Total Checkouts Full call number Barcode Date last seen Cost, replacement price Price effective from Koha item type
        AFT Fr. Agnel's C.Rodrigues College of Engineering Fr. Agnel's C.Rodrigues College of Engineering 17/03/2023 21.00 1452   AFT941 17/03/2023 21.00 17/03/2023 BOOK